[Event "ESP-ch U10"]
[Site "Salobrena"]
[Date "2012.06.25"]
[Round "1.7"]
[White "Moreno Alcaraz, Jose Javier"]
[Black "Gonzalez Sanchez, Diego"]
[Result "1-0"]
[WhiteElo "1523"]
[BlackElo "1523"]
[PlyCount "81"]
[EventDate "2012.06.25"]
[EventType "swiss"]
[EventRounds "9"]
[EventCountry "ESP"]
[SourceTitle "EXT 2024"]
[Source "ChessBase"]
[SourceDate "2023.10.10"]
[SourceVersion "1"]
[SourceVersionDate "2023.10.10"]
[SourceQuality "1"]

1. e4 e6 2. d4 d5 3. exd5 exd5 4. Nc3 Nc6 5. Nf3 Bg4 6. Be3 Bb4 7. Bg5 Bxf3 8. Qxf3 Qxg5 9. Be2 Nf6 10. 0-0 Nxd4 11. Qd3 Bxc3 12. bxc3 Nc6 13. Qb5 0-0-0 14. Rab1 Kd7 15. c4 Rb8 16. cxd5 Qxd5 17. Rbd1 Qxd1 18. Rxd1+ Ke7 19. Bf3 Rhc8 20. Qg5 g6 21. Re1+ Kf8 22. Qxf6 Kg8 23. h4 h5 24. Qg5 Rd8 25. Bxh5 Re8 26. Rxe8+ Rxe8 27. Bf3 Re1+ 28. Kh2 Rc1 29. Qxc1 Na5 30. Qd2 b6 31. Qd8+ Kg7 32. Qxc7 a6 33. Bd5 Kh6 34. g4 g5 35. Qxb6+ Kg7 36. Qxa5 gxh4 37. Qxa6 f6 38. Qe6 Kh6 39. Qxf6+ Kh7 40. f4 h3 41. g5 1-0

[Event "Andalucia-ch U10 1011"]
[Site "Almeria"]
[Date "2011.03.25"]
[Round "2.9"]
[White "Torres Ventosa, Angel Javier"]
[Black "Gonzalez Sanchez, Diego"]
[Result "1-0"]
[WhiteElo "1408"]
[BlackElo "1172"]
[PlyCount "60"]
[EventDate "2011.03.25"]
[EventType "swiss"]
[EventRounds "9"]
[EventCountry "ESP"]
[SourceTitle "EXT 2024"]
[Source "ChessBase"]
[SourceDate "2023.10.10"]
[SourceVersion "1"]
[SourceVersionDate "2023.10.10"]
[SourceQuality "1"]

1. e4 e5 2. Nf3 Nc6 3. Bc4 Nf6 4. Ng5 Qe7 5. Bxf7+ Kd8 6. Bc4 Ke8 7. d3 Qc5 8. 0-0 Na5 9. Bf7+ Kd8 10. Be3 Qc6 11. Nc3 h6 12. Nf3 d6 13. Ne2 Qd7 14. Bb3 g5 15. Ng3 Be7 16. Nf5 Nxb3 17. axb3 Bf8 18. Rxa7 Rxa7 19. Bxa7 g4 20. Nd2 h5 21. Nc4 h4 22. Re1 h3 23. g3 b6 24. d4 exd4 25. Qxd4 Bg7 26. e5 Ne8 27. Nxb6 cxb6 28. Bxb6+ Nc7 29. Nxg7 Qxg7 30. Qxd6+ Ke8 1-0